[Event "Czech Fed-ch opA"]
[Site "Hrdonov"]
[Date "2013.10.30"]
[Round "6"]
[White "Miesbauer, Jan"]
[Black "Kaftan, Petr"]
[Result "1-0"]
[WhiteElo "1983"]
[BlackElo "1846"]
[PlyCount "63"]
[EventDate "2013.10.26"]
[EventType "swiss"]
[EventRounds "9"]
[EventCountry "CZE"]
[SourceTitle "EXT 2016"]
[Source "ChessBase"]
[SourceDate "2015.10.08"]
[SourceVersion "1"]
[SourceVersionDate "2015.10.08"]
[SourceQuality "1"]

1. e4 c5 2. Nf3 d6 3. d4 cxd4 4. Nxd4 a6 5. Nc3 Qc7 6. g3 b5 7. Bg2 Bb7 8. 0-0 Nf6 9. Re1 e6 10. Qe2 Nbd7 11. a3 Rc8 12. Be3 Be7 13. Rad1 0-0 14. f4 Nb6 15. g4 Nc4 16. g5 Nd7 17. Bc1 Nxa3 18. Rd3 Nc4 19. b3 Ncb6 20. Qh5 Rfe8 21. Rh3 Nf8 22. f5 e5 23. Nde2 b4 24. Nd1 Nfd7 25. Ne3 Qc5 26. Kh1 a5 27. Ng4 Qxc2 28. Ng3 a4 29. f6 axb3 30. fxg7 b2 31. Nh6+ Kxg7 32. Qxf7+ 1-0

[Event "Czech Fed-ch opA"]
[Site "Hrdonov"]
[Date "2013.10.28"]
[Round "3"]
[White "Kaftan, Petr"]
[Black "Korsa, Jindrich"]
[Result "0-1"]
[WhiteElo "1846"]
[BlackElo "2163"]
[PlyCount "94"]
[EventDate "2013.10.26"]
[EventType "swiss"]
[EventRounds "9"]
[EventCountry "CZE"]
[SourceTitle "EXT 2016"]
[Source "ChessBase"]
[SourceDate "2015.10.08"]
[SourceVersion "1"]
[SourceVersionDate "2015.10.08"]
[SourceQuality "1"]

1. d4 g6 2. c4 Bg7 3. Nf3 d6 4. Nc3 Nc6 5. e4 e5 6. d5 Nce7 7. Bg5 h6 8. Bh4 g5 9. Bg3 Ng6 10. h4 g4 11. Nd2 h5 12. Qc2 Bf6 13. 0-0-0 Nxh4 14. f4 exf4 15. Bxf4 Ng6 16. Be3 Ne5 17. c5 Bd7 18. Kb1 Bg5 19. Bxg5 Qxg5 20. cxd6 cxd6 21. Nb5 Bxb5 22. Bxb5+ Kf8 23. Rhf1 a6 24. Be2 Rh6 25. Qb3 Qe7 26. Nc4 Nxc4 27. Qxc4 Nf6 28. Qc1 Rg6 29. Rd4 Re8 30. Bd3 Qe5 31. Rc4 h4 32. Rf5 Qg3 33. Bf1 Rxe4 34. Rxe4 Nxe4 35. a3 Rf6 36. Rxf6 Nxf6 37. Ka2 Qe5 38. Qc8+ Kg7 39. Qxb7 g3 40. Qb3 Nxd5 41. Bc4 Ne3 42. Bxf7 h3 43. Qb7 h2 44. Bb3+ Kh6 45. Bg8 Qg7 46. Qb3 Nf5 47. Qe6+ Qg6 0-1

[Event "CZE-ch U10"]
[Site "Zlate Hory"]
[Date "2006.08.13"]
[Round "1"]
[White "Kopriva, Martin"]
[Black "Kaftan, Petr"]
[Result "0-1"]
[WhiteElo "1250"]
[BlackElo "1517"]
[PlyCount "94"]
[EventDate "2006.03.11"]
[EventType "swiss"]
[EventRounds "9"]
[EventCountry "CZE"]
[SourceTitle "EXT 2008"]
[Source "ChessBase"]
[SourceDate "2007.11.25"]
[SourceVersion "1"]
[SourceVersionDate "2007.11.25"]
[SourceQuality "1"]

1. e4 c5 2. c3 d5 3. exd5 Qxd5 4. d4 Nf6 5. Nf3 Bg4 6. Be2 e6 7. Bf4 Nc6 8. c4 Qd7 9. Be3 cxd4 10. Bxd4 Nxd4 11. Qxd4 Qxd4 12. Nxd4 Bxe2 13. Nxe2 Rd8 14. 0-0 Bc5 15. Nbc3 Rd2 16. b3 Ke7 17. Rfd1 Rhd8 18. Rxd2 Rxd2 19. Rd1 Rxd1+ 20. Nxd1 Ne4 21. Kf1 Kd7 22. f3 Nd6 23. Nec3 Nf5 24. Ne4 Bb6 25. b4 Nd4 26. c5 Bc7 27. Kf2 a5 28. a3 Nc2 29. bxa5 Nxa3 30. Ne3 Bxa5 31. Nd6 f6 32. Nxb7 Bb4 33. h3 Kc7 34. c6 Kxc6 35. Nd8+ Kd7 36. Nf7 Ke7 37. Nh6 gxh6 38. Kg3 Nb5 39. Kh4 Kf7 40. Kh5 Kg7 41. Ng4 Bd2 42. g3 f5 43. Nh2 Nd6 44. g4 Ne8 45. Nf1 Nf6+ 46. Kh4 Be1+ 47. Ng3 f4 0-1

[Event "CZE-ch U10"]
[Site "Zlate Hory"]
[Date "2006.03.16"]
[Round "7"]
[White "Haman, Jakub"]
[Black "Kaftan, Petr"]
[Result "0-1"]
[WhiteElo "1250"]
[BlackElo "1517"]
[PlyCount "90"]
[EventDate "2006.03.11"]
[EventType "swiss"]
[EventRounds "9"]
[EventCountry "CZE"]
[SourceTitle "EXT 2008"]
[Source "ChessBase"]
[SourceDate "2007.11.25"]
[SourceVersion "1"]
[SourceVersionDate "2007.11.25"]
[SourceQuality "1"]

1. c4 f5 2. d4 Nf6 3. Nc3 e6 4. Nf3 Nc6 5. e3 b6 6. Be2 Bb7 7. 0-0 Be7 8. b3 0-0 9. Bb2 Qe8 10. Qd2 h6 11. Rfd1 g5 12. h3 Qg6 13. Ne5 Qh7 14. a3 h5 15. f4 g4 16. Kh2 Nd8 17. Rg1 Kh8 18. g3 gxh3 19. Kxh3 Nf7 20. Raf1 h4 21. Nxf7+ Rxf7 22. g4 fxg4+ 23. Bxg4 Nxg4 24. Rxg4 Rg7 25. Rxg7 Qxg7 26. Qf2 Rg8 27. d5 Qg4+ 28. Kh2 Kh7 29. Rg1 Qxg1+ 30. Qxg1 Rxg1 31. Kxg1 Kg6 32. Kg2 Kh5 33. Kh3 Bc5 34. Bc1 a5 35. e4 Bc8 36. a4 d6 37. Nb5 exd5+ 38. Kg2 dxe4 39. Nxc7 e3 40. Bxe3 Bxe3 41. Nd5 Bd4 42. Kh2 Kg4 43. Ne7 Bf5 44. Nc6 Be3 45. Ne7 Bxf4+ 0-1

[Event "CZE-ch U10"]
[Site "Zlate Hory"]
[Date "2006.03.14"]
[Round "5"]
[White "Kaftan, Petr"]
[Black "Kozel, Jiri"]
[Result "0-1"]
[WhiteElo "1517"]
[BlackElo "1250"]
[PlyCount "72"]
[EventDate "2006.03.11"]
[EventType "swiss"]
[EventRounds "9"]
[EventCountry "CZE"]
[SourceTitle "EXT 2008"]
[Source "ChessBase"]
[SourceDate "2007.11.25"]
[SourceVersion "1"]
[SourceVersionDate "2007.11.25"]
[SourceQuality "1"]

1. d4 d5 2. c4 e5 3. dxe5 d4 4. Nf3 Nc6 5. a3 Bg4 6. h3 Bxf3 7. exf3 Nge7 8. Bg5 h6 9. Bh4 g5 10. Bg3 Qd7 11. Bd3 Bg7 12. 0-0 Bxe5 13. Bxe5 Nxe5 14. Be4 0-0-0 15. b4 Nxc4 16. Nd2 Nxd2 17. Qxd2 f5 18. Bd3 g4 19. fxg4 fxg4 20. hxg4 Qxg4 21. Rfe1 Rhg8 22. f3 Qg7 23. Rac1 Nc6 24. Rxc6 bxc6 25. b5 cxb5 26. a4 Qg5 27. Qc2 Rde8 28. Rc1 Qe3+ 29. Kh1 Qf4 30. Be4 Rg5 31. Bb7+ Kb8 32. g4 Re2 33. Qxe2 Qxc1+ 34. Kg2 Kxb7 35. axb5 Qe3 36. Qc2 Rxb5 0-1

[Event "CZE-ch U12"]
[Site "Sec u Chrudimi"]
[Date "2005.10.26"]
[Round "6"]
[White "Kaftan, Petr"]
[Black "Krupicka, Jakub"]
[Result "1-0"]
[WhiteElo "1353"]
[BlackElo "1289"]
[PlyCount "67"]
[EventDate "2005.10.22"]
[EventType "swiss"]
[EventRounds "9"]
[EventCountry "CZE"]
[SourceTitle "EXT 2008"]
[Source "ChessBase"]
[SourceDate "2007.11.25"]
[SourceVersion "1"]
[SourceVersionDate "2007.11.25"]
[SourceQuality "1"]

1. d4 Nf6 2. c4 e6 3. Nc3 d5 4. Bg5 Be7 5. Nf3 Nc6 6. e3 h6 7. Bh4 dxc4 8. Bxc4 Nd5 9. Bxe7 Nxc3 10. bxc3 Nxe7 11. 0-0 0-0 12. Rb1 b6 13. Be2 Nd5 14. Qc2 Nf6 15. c4 Bb7 16. c5 Be4 17. Bd3 Bxd3 18. Qxd3 bxc5 19. Qc3 cxd4 20. Nxd4 Ne4 21. Qc2 Nd6 22. Rfc1 Rc8 23. Nc6 Qd7 24. Nxa7 Rb8 25. Rxb8 Rxb8 26. Nc6 Rb6 27. a3 Ne8 28. a4 Kh8 29. a5 Ra6 30. Nb8 Qc8 31. Nxa6 Qxa6 32. Qc6 Qxa5 33. Qxe8+ Kh7 34. Qc6 1-0